Agricultural oral history interview with William H. Smith /

William H. Smith describes his role as the Resident Director of Research, Texas Agricultural Experiment Station at Overton.

Bibliographic Details
Main Author: Smith, William H.
Corporate Authors: Texas Agricultural Experiment Station. Office of Research Historian, Texas A & M University. University Archives
Format: Manuscript
Language:English
Published: [Place of publication not identified] : [publisher not identified] ; [1978]
Subjects:

MARC

Tag First Indicator Second Indicator Subfields
LEADER 00000ctm a2200000Ia 4500
001 in00002425502
005 20151109172819.0
008 800919s1978 txu 000 0 eng
035 |a (OCoLC)ocm06730622 
035 |a (OCoLC)6730622 
040 |a AGL  |c AGL  |d OCLCQ  |d TXA  |d UtOrBLW 
043 |a n-us-tx 
049 |a TXAM 
070 1 |a R  |b S541.5.T4S6 
072 0 |a A500 
090 |a S541.5.T42  |b O94 1978 
100 1 |a Smith, William H. 
245 1 0 |a Agricultural oral history interview with William H. Smith /  |c with the direction of Irvin M. May, Jr. 
264 1 |a [Place of publication not identified] :  |b [publisher not identified] ;  |c [1978] 
300 |a 22 leaves ;  |c 28 cm. 
336 |a text  |b txt  |2 rdacontent 
337 |a unmediated  |b n  |2 rdamedia 
338 |a volume  |b nc  |2 rdacarrier 
500 |a Typescript. 
500 |a Cover tite. 
500 |a "Texas A&M University Archives, College Station, Texas"--Cover. 
500 |a Interview conducted on July 28, 1978 by Irvin M. May of the Texas Agricultural Experiment Station's Office of Research Historian. 
520 |a William H. Smith describes his role as the Resident Director of Research, Texas Agricultural Experiment Station at Overton. 
650 0 |a Agricultural experiment stations  |z Texas  |z Overton. 
610 2 0 |a Texas Agricultural Experiment Station  |x Administration. 
600 1 0 |a Smith, William H.  |v Interviews. 
650 0 |a Agriculturists  |z Texas  |z Overton  |v Interviews. 
650 3 |a Agricultural experiment stations  |z Texas. 
710 2 |a Texas Agricultural Experiment Station.  |b Office of Research Historian. 
710 2 |a Texas A & M University.  |b University Archives. 
994 |a C0  |b TXA 
948 |a cataloged  |b h  |c 2008/11/6  |d c  |e jho  |f 10:51:57 am 
949 |a enhanced  |b h  |c 2008/11/6  |d c  |e jho  |f 10:52:03 am 
999 |a MARS 
999 f f |s 126b7a61-decc-3a9f-ae45-fbfd44512c4e  |i f711f296-0173-303c-a426-d4cffebb745c  |t 0 
952 f f |a Texas A&M University  |b College Station  |c Cushing Memorial Library & Archives  |d Cushing: Archives (Does not check out)  |t 0  |e S541.5.T42 O94 1978  |h Library of Congress classification 
998 f f |a S541.5.T42 O94 1978  |t 0  |l Cushing: Archives (Does not check out)